Normal view
MARC view
Entry Personal Name
001 - CONTROL NUMBER
- control field: 45960
003 - CONTROL NUMBER IDENTIFIER
- control field: OSt
005 - DATE AND TIME OF LATEST TRANSACTION
- control field: 20240611164345.0
008 - FIXED-LENGTH DATA ELEMENTS
- fixed length control field: 240611|| aca||aabn | a|a d
040 ## - CATALOGING SOURCE
- Original cataloging agency: OSt
- Transcribing agency: OSt
100 ## - HEADING--PERSONAL NAME
- Personal name: Agger, Annika and Tortzen, Anne
670 ## - SOURCE DATA FOUND
- Source citation: Work cat.: (OSt)524367: Agger, Annika and Tortzen, Anne, ‘Co-production on the inside’: Public professionals negotiating interaction between municipal actors and local citizens
